Loading...
| Beliefs | 6 | 16.67 | 2,400% | 300% | 300% |
| Current Events | 2 | 15.00 | 1,800% | 300% | 300% |
| Fine Arts - Auditory | 3 | 23.33 | 2,400% | 400% | 600% |
| Fine Arts - Visual | 1 | 10.00 | 0% | 0% | 600% |
| Geography | 2 | 20.00 | 1,800% | 300% | 600% |
| History - American | 2 | 10.00 | 1,800% | 0% | 300% |
| History - European | 1 | 20.00 | 0% | 600% | 600% |
| History - World | 1 | 10.00 | 3,600% | 0% | 0% |
| Literature - American | 2 | 15.00 | 1,800% | 300% | 300% |
| Literature - British | 4 | 12.50 | 1,800% | 450% | 0% |
| Literature - European | 3 | 20.00 | 2,400% | 400% | 400% |
| Literature - World | 1 | 20.00 | 0% | 600% | 600% |
| Other Arts: Auditory | 3 | 16.67 | 1,200% | 400% | 400% |
| Other Science: Computer Science | 2 | 15.00 | 1,800% | 300% | 300% |
| Other Science: Earth Science | 1 | 20.00 | 3,600% | 600% | 0% |
| Other Science: Math | 1 | 20.00 | 3,600% | 600% | 0% |
| Philosophy | 3 | 23.33 | 2,400% | 600% | 400% |
| Science - Biology | 2 | 30.00 | 3,600% | 600% | 600% |
| Science - Chemistry | 1 | 10.00 | 0% | 600% | 0% |
| Science - Physics | 2 | 25.00 | 1,800% | 600% | 600% |
| Social Science | 3 | 20.00 | 2,400% | 200% | 600% |
| 5 | 18.00 | 1,440% | 480% | 360% |